00541nam a2200133Ia 450000500170000000800410001708200150005824501960007326000720026930000120034165000100035365000170036370000270038020240416043513.0240331s9999 xx 000 0 und d bLETa323.4 0aLets work together for the protection of human rights of Filipino womenbA documentation Report on the Human Rights Situation of Filipino Women /cGabriela Women's Comission on Human Rights . aPhilippines; bGabriela women's Commission on Human Rights /c1989. a116 p., aWomen aHuman Rights aMarciano, Marie. eedt